| 000 | 01082nam a2200277Ia 4500 | ||
|---|---|---|---|
| 005 | 20220317000026.0 | ||
| 008 | 00003022009 ck a g spa spa | ||
| 020 | _a9789583003721 | ||
| 041 | _aspa | ||
| 245 | 0 |
_aMitos y leyendas colombianos _cselección y adaptación Fabio Silva ; ilustrado por Eric Nieto |
|
| 250 | _a1a. edición | ||
| 300 |
_a110 páginas _bilustraciones a blanco y negro _c23 cm |
||
| 505 | _aMitos y leyendas de la zona Andina -- Mitos y leyendas de la zona Atlántica -- Mitos y leyendas de los Llanos y la Amazonía -- Mitos y leyendas de la zona Pacífica | ||
| 650 | 1 | 4 |
_2LEMB _aMitología colombiana |
| 650 | 1 | 4 |
_2LEMB _aLeyendas colombianas |
| 650 | 1 | 4 |
_2LEMB _aLiteratura colombiana |
| 700 | 1 |
_aNieto Torres, Eric _916629 |
|
| 700 | 1 |
_aSilva Vallejo, Fabio _d1962- _916523 |
|
| 942 |
_2loc _cBKLIT |
||
| 264 |
_aBogotá _bPanamericana _c2009 |
||
| 336 |
_atexto _btxt _2rdacontent |
||
| 337 |
_asin mediación _bn _2rdamedia |
||
| 338 |
_avolumen _bnc _2rdacarrier |
||
| 040 |
_aCO-BoRNBP _bspa _erda _cCO-BoRNBP |
||
| 084 | _aLM M37 | ||
| 999 |
_c2928 _d2928 |
||